000 00885nam a2200265Ia 4500
003 OSt
005 20220918171340.0
006 a|||||r|||| 00| 0
007 ta
008 220917b |||||||| |||| 00| 0 eng d
020 _a9781526121349 (hbk)
_cUKP 70.00
024 _a348,318
037 _b1637, 06/02/2019, Bright Book Service
_cTextual
040 _aARTS
_cARTS
_beng
041 _2eng
_aeng
082 _aO111,2N06:g, Q8
100 _aTanaka Mariko Hori Ed.
_936033
245 0 _aSamuel Beckett and trauma
260 _aManchester
_bManchester University Press UK
_c2018
300 _axiii,198p.
_ccm.
650 _aENGLISH DRAMA; ENGLISH LITERATURE
_97630
700 _a Tajiri Yoshiki Ed.
_936034
942 _hO111,2N06:g, Q8
_cTEXL
_2CC
999 _c139177
_d139177